Statistics for Slang Definitions #3

Click here to take the quiz!

General Stats

  • This quiz has been taken 32,964 times
  • The average score is 14 of 21

Answer Stats

Slang Hint Meaning % Correct
Turkey Day HolidayThanksgiving
97%
BuckMoneyDollar
91%
gAmountThousand
90%
ChopperFlightHelicopter
88%
PoochAnimalDog
87%
NanFamily MemberGrandmother
86%
Have a Bun in the OvenPersonal StatePregnant
82%
FlickType of
Entertainment
Movie
81%
Head ShrinkOccupationPsychiatrist
79%
BeakBody PartNose
79%
WhackMafiaKill
77%
Cancer StickObjectCigarette
74%
ScribblerOccupationWriter
66%
SawbonesOccupationSurgeon
63%
BoostCriminal ActSteal
59%
HorseDrugHeroin
52%
KnackeredAdjectiveTired
51%
On the FritzAdjectiveBroken
44%
JuiceDrugSteroids
31%
Two BitsMoneyQuarter
29%
PinkoType of Person{Communist}
Sympathizer
29%

Score Distribution

Percentile by Number Answered

Percent of People with Each Score

Your Score History

You have not taken this quiz